000 00922nam a2200181Ia 4500
008 151018s9999 xx 000 0 und d
082 _bRBASDV5487
_a891.464
100 _aश्री दा सातवळेकर
245 _aपुरुषार्थ क्र.१२१ वर्ष १२ वे ऑगस्ट १९३५ ते जाने. १९३६
250 _b1
260 _bसातवळेकर श्री दा
_c1963
300 _a676
600 _aश्री दा सातवळेकर
630 _aपुरुषार्थ क्र.१२१ वर्ष १२ वे ऑगस्ट १९३५ ते जाने. १९३६
700 _aश्री दा सातवळेकर
730 _aपुरुषार्थ क्र.१२१ वर्ष १२ वे ऑगस्ट १९३५ ते जाने. १९३६
942 _cBOOK
999 _c1007870
_d1007867